Memorable Movie Deaths: Bruce Willis Edition - Statistics

General Stats
  • This quiz has been taken 10 times
  • The average score is 9 of 23
Answer Stats
Hint Answer % Correct
Terrorist/Thief falls to his death from skyscraper. Die Hard
100%
Girl is poisoned by her own mother. This is revealed at the girl's funeral on a videotape after her ghost directs a boy to bring the tape to the funeral. The Sixth Sense
71%
Oil well driller takes the place of his daughter's fiance, manually triggering a nuclear explosion that destroys an asteroid on a fatal collision course with Earth. Armageddon
57%
Nearly invulnerable man drowned in a puddle of water by members of a clandestine task force established to kill superhumans. Glass
57%
Heroin overdose. Quickly revived by a hitman with a shot of adrenaline. Pulp Fiction
57%
Retired government assassin punches arms dealer in the throat at a meeting set up to trade hostages. RED
57%
Hired killer tests efficiency of the KPV Heavy Machine Gun he purchased on the man who made the weapon for him. The Jackal
57%
131 of 132 passengers die in a horrific train crash and prove to a man with osteogenesis imperfecta that his theory about people with superhuman abilities is true. Unbreakable
57%
Time traveler shot in airport by another time traveler, after not following orders from group in the future. 12 Monkeys
43%
Remaining members of 1930's gang flee burning roadhouse only to be shot down by rival gang members. Last Man Standing
43%
Older hitman travels back in time and escapes death at the hands of a younger hitman. While on the run, he loses two fingers, a nose, and suffers other disfigurements while being directed to an address where a third hitman shoots him. Looper
43%
Blue alien diva machinegunned by Warrior aliens during performance on resort planet. The Fifth Element
43%
Special Agent is shot multiple times in hitman's front yard after being distracted by a nude woman. His teeth are altered to match the hitman's, in order to fake the hitman's death. The Whole Nine Yards
43%
Russian is shot in the head by a corrupt cop who is trying to redeem himself by getting a witness to the courthouse so the witness can testify in a corruption case against the NYPD. 16 Blocks
29%
Terrorist crashes helicopter in order to avoid live wire, shot loose by a cop who likes westerns. Die Hard With a Vengeance
29%
Twisted kidnapper and armed robber burns down house he and two brothers broke into after the hostage situation there goes awry when a small-town sheriff attempts a rescue. Hostage
29%
Two crime bosses suffocate when plastic bags are taped over their heads by the son of a man they had killed years before. Lucky Number Slevin
29%
Serial killer's arms and legs are sawn off, he is left for wolves to gnaw on and then is decapitated. Sin City
29%
Main villain opens briefcase he thinks is full of cash and blows himself and his home sky-high. The Last Boy Scout
29%
After helping get a tire from the middle of the road, a black youth is run over by a car driven by a Southern belle gold digger. Bonfire of the Vanities
14%
Murdered by assassin in employ of the NSA while typing letters to the Senate Oversight Committee blowing the whistle on illegal actions taken by NSA Division Chief Colonel Kudrow. Mercury Rising
14%
Cop on River Rescue Squad tasers killer in the mouth. Striking Distance
14%
After being struck by an SUV that crashes into an elevator shaft and dangles precariously, a woman fights with a hard-nosed cop in the SUV and dies when it falls to the bottom of the shaft and explodes in ball of fire. Live Free or Die Hard
0%
No matching quizzes found
Score Distribution
Percent of People with Each Score
Percentile by Number Answered
Your Score History
You have not taken this quiz